000 01344nam0a22003011 4500
001 rc\4671962
005 20130416204428.6
021 _aRU
_bП161-65
035 _a(NLR Aleph) 008421411
090 _a9359193
_c9359193
100 _a20130416d1965 |||y0rusy50 ca
101 0 _arus
102 _aRU
105 _aa z |||||
200 1 _aТепловой расчет алюминотермических шихт
210 _aМосква
_cБ. и.
_d1965
215 _a10 с.
_cчерт.
_d26
225 1 _aГосударственный комитет по черной и цветной металлургии при Госплане СССР. Центральный научно-исследовательский институт информации и технико-экономических исследований черной металлургии. Информация
_hСерия 4
_iФерросплавное производство
_v№ 4
300 _aНа обл. авт. не указаны
300 _aОтпеч. множит. аппаратом
320 _aБиблиогр.: с. 9-10
700 1 _aПлинер
_bЮ. Л.
_gЮрий Львович
701 1 _aДубровин
_bА. С.
801 0 _aRU
_bNLR
_gpsbo
801 1 _aRU
_bELAR
_2rusmarc
852 _aNLR
_jП11/729
942 _cBOOK
980 _aNB